Mathematical statistics: exercises and solutions
-д хадгалсан:
| Үндсэн зохиолч: | |
|---|---|
| Формат: | Ном |
| Хэл сонгох: | англи |
| Хэвлэсэн: |
Nueva York
Springer Science Business Media
2005
|
| Хэвлэл: | 1a. ed |
| Нөхцлүүд: | |
| Шошгууд: |
Шошго нэмэх
Шошго байхгүй, Энэхүү баримтыг шошголох эхний хүн болох!
|
MARC
| LEADER | 00000nam a2200000 a 4500 | ||
|---|---|---|---|
| 001 | UCK5994 | ||
| 003 | CL-VaPUC | ||
| 008 | 050902e20050000US |||||||||||||||||eng|d | ||
| 020 | |a 0387249702 | ||
| 082 | 0 | 4 | |a 519.5 |b SHA |2 21 |
| 100 | 0 | |a Shao, Jun |e author |9 495038 | |
| 245 | 1 | 0 | |a Mathematical statistics: exercises and solutions |
| 250 | |a 1a. ed | ||
| 300 | |a 359 p | ||
| 942 | |c BK | ||
| 945 | |d 20050902 00:00:00 |a cmena | ||
| 260 | |a Nueva York |b Springer Science Business Media |c 2005 | ||
| 650 | 0 | |a Estadística matemática |9 260028 | |
| 650 | 0 | |a Problemas, ejercicios, etc |9 259377 | |
| 650 | 0 | |a Teoría de probabilidades |9 336944 | |
| 583 | |a last modification |c 20050902 00:00:00 |k Rodrigo Vera | ||
| 999 | |c 314397 |d 314395 | ||
| 952 | |0 0 |1 0 |4 0 |6 519_500000000000000_SHA_2005 |7 0 |8 A |9 386655 |a BIBGIM |b BIBGIM |d 2019-11-22 |i 4158547 |o 519.5 SHA 2005 |p 4158547 |r 2025-01-15 |w 2019-11-22 |y BK |k EST | ||